| 000 | 00794nam a2200241Ia 4500 | ||
|---|---|---|---|
| 003 | OSt | ||
| 005 | 20220928112102.0 | ||
| 006 | a|||||r|||| 00| 0 | ||
| 007 | ta | ||
| 008 | 220927b |||||||| |||| 00| 0 eng d | ||
| 020 | _cUSD 60.00 | ||
| 024 | _a144815 | ||
| 037 |
_b724, 26/02/2021, Bookwell Publication _cReports / Technical Reports |
||
| 040 |
_aSDCL _cSDCL _beng |
||
| 041 |
_2eng _aeng |
||
| 082 | _aX:(D85):77.1'P20t, R0 RR | ||
| 245 | 0 |
_aUnited Nations world water development report 2020 _b Water and climate change |
|
| 260 |
_aParis _bUNESCO _c2020 |
||
| 300 |
_aix,219p. _ccm. |
||
| 650 | _aReference | ||
| 942 |
_hX:(D85):77.1'P20t, R0 RR _cREP _2CC |
||
| 999 |
_c743235 _d743235 |
||